Hamare Bahce Hamara Gar (Record no. 86035)

MARC details
000 -LEADER
fixed length control field 00424nam a2200145Ia 4500
008 - FIXED-LENGTH DATA ELEMENTS--GENERAL INFORMATION
fixed length control field 211109s9999||||xx |||||||||||||| ||und||
082 ## - DEWEY DECIMAL CLASSIFICATION NUMBER
Classification number 894.434
Item number ANA-H
100 ## - MAIN ENTRY--PERSONAL NAME
Personal name Anand, A A
245 #0 - TITLE STATEMENT
Title Hamare Bahce Hamara Gar
260 ## - PUBLICATION, DISTRIBUTION, ETC.
Name of publisher, distributor, etc. NATIONAL BOOKSTALL
Place of publication, distribution, etc. Kottayam
Date of publication, distribution, etc. 1900
300 ## - PHYSICAL DESCRIPTION
Extent 244p.
630 ## - SUBJECT ADDED ENTRY--UNIFORM TITLE
General subdivision GENERAL STACK
650 ## - SUBJECT ADDED ENTRY--TOPICAL TERM
Topical term or geographic name entry element LITERATURE AND RHETORIC
942 ## - ADDED ENTRY ELEMENTS (KOHA)
Koha item type BOOK
650 ## - SUBJECT ADDED ENTRY--TOPICAL TERM
Form subdivision LITERATURES OF OTHER LANGUAGES
General subdivision HINDI ESSAYGeneralia
Holdings
Withdrawn status Lost status Damaged status Not for loan Home library Current library Date acquired Cost, normal purchase price Total Checkouts Full call number Barcode Shelving location Date last seen Price effective from Koha item type
        SB LIBRARY SB LIBRARY 09/11/2021 100.00   894.434 ANA-H 00070836 GENERAL STACK 09/11/2021 09/11/2021 BOOK

Powered by Koha